000 00520nam a2200157 a 4500
008 081120s2007 ||||||||||||||||| || u
020 _a9780340938164
050 _aPS 3560 .A223 F3
100 _aJackson, Lisa
245 1 0 _aFatal burn
260 _aLondon
_bHodder and Stoughton
_c2007
300 _a472p.
350 _a0.00
650 _aENGLISH LANGUAGE
995 _D65000.00
_FCBU-MAIN LIBRARY (Kitwe)
_H1
_I65000.00
_M1
_UAVAILABLE
_WNov 26, 2008
_ZFiction Collection
999 _c43167
_d43167